00477nam a2200193 a 4500001001300000003000900013005001700022008004100039020001000080082001600090100001700106245002600123260004100149300000900190500003500199505001000234650002200244700001700266nice12345678IN_TiNIC20260116011300.0050524s0000 alla grp 000 0 eng  ac10000a297.63bKAL aKaldani, D B aMuhammad in the Bible aAllahbadbAbbas Manzil Libraryc0000 a393p aincludes index and biblioraphy2 aIndex aMuhammad, Prophet1 aKaldani, D B